ត្រចៀក មាត់ និងដៃ : (Record no. 8621)
[ view plain ]
| 000 -LEADER | |
|---|---|
| fixed length control field | 02471nam a22003017a 4500 |
| 001 - CONTROL NUMBER | |
| control field | 8621 |
| 003 - CONTROL NUMBER IDENTIFIER | |
| control field | FISKH |
| 005 - DATE AND TIME OF LATEST TRANSACTION | |
| control field | 20251006122249.0 |
| 008 - FIXED-LENGTH DATA ELEMENTS--GENERAL INFORMATION | |
| fixed length control field | 251006b cb ||||| |||| 00| 0 eng d |
| 020 ## - INTERNATIONAL STANDARD BOOK NUMBER | |
| International Standard Book Number | 9789996301230 |
| 040 ## - CATALOGING SOURCE | |
| Original cataloging agency | FISKH |
| Language of cataloging | khr |
| Transcribing agency | FISKH |
| Modifying agency | FISKH |
| 050 ## - LIBRARY OF CONGRESS CALL NUMBER | |
| Classification number | PZ7 |
| 100 ## - MAIN ENTRY--PERSONAL NAME | |
| Personal name | Tongleang, Noeun |
| 245 ## - TITLE STATEMENT | |
| Title | ត្រចៀក មាត់ និងដៃ : |
| Remainder of title | Ear, mouth, and hands / |
| Statement of responsibility, etc. | និពន្ធដោយ នឿន តុងលាង , កែសម្រួលដោយ អ្នកស្រី គឹមស៊ុន សុធារី , លោក ធី ចាន់ថន និង កញ្ញា ហេង ចរិយា |
| 260 ## - PUBLICATION, DISTRIBUTION, ETC. | |
| Place of publication, distribution, etc. | Phnom Penh : |
| Name of publisher, distributor, etc. | Reading Books , |
| Date of publication, distribution, etc. | 2010. |
| 300 ## - PHYSICAL DESCRIPTION | |
| Extent | 20 pages : |
| Other physical details | color illutrations ; |
| Dimensions | 25 cm . |
| 490 ## - SERIES STATEMENT | |
| Series statement | ពិភពរឿងនិទាន |
| 505 ## - FORMATTED CONTENTS NOTE | |
| Formatted contents note | J <br/> |
| 520 ## - SUMMARY, ETC. | |
| Summary, etc. | រឿងនិទាននេះមានគោលបំណងបណ្តុះបណ្តាលកុមារអោយដឹងពីវិធីថែរក្សាត្រចៀករបស់ខ្លួនឲ្យមានសុវត្ថិភាព ដោយមិនអោយទឹកចូលត្រចៀក មិនប្រើរបស់រឹងៗដូចជាសំឡីសំអាតត្រចៀក ហើយមិនគួរនៅក្បែរកន្លែងដែលមានសម្លេងរំខានខ្លាំងពេក ព្រោះអាចគ្រោះថ្នាក់ដល់ត្រចៀកបាន ។<br/>រឿងនេះក៏បង្រៀនកុមារឲ្យលាងដៃឲ្យស្អាតមុនពេលកាន់ចំណី និងដុសធ្មេញបន្ទាប់ពីបរិភោគផងដែរ។ |
| 520 ## - SUMMARY, ETC. | |
| Summary, etc. | This story is aimed at educating the children on how to keep their ear safe by not letting fluids penetrating the ear , cleaning them with any stick or exposing them to strong noise because it may impar the hearing . The story also teaches the children to wash their hands before they hold food and clean their teeth after meal . |
| 521 8# - TARGET AUDIENCE NOTE | |
| Target audience note | 500 <br/> |
| Source | Lexile estimate <br/> |
| 521 8# - TARGET AUDIENCE NOTE | |
| Target audience note | J <br/> |
| Source | Raz-Plus <br/> |
| 650 ## - SUBJECT ADDED ENTRY--TOPICAL TERM | |
| Topical term or geographic name entry element | ត្រចៀក មាត់ និងដៃ |
| Form subdivision | រឿងនិទានកុមារ |
| 650 ## - SUBJECT ADDED ENTRY--TOPICAL TERM | |
| Topical term or geographic name entry element | Ear, mouth and hands |
| Form subdivision | Children's Stories |
| 700 ## - ADDED ENTRY--PERSONAL NAME | |
| Personal name | Bunthorn, Theak |
| Relator term | Illustrator |
| 942 ## - ADDED ENTRY ELEMENTS (KOHA) | |
| Source of classification or shelving scheme | Dewey Decimal Classification |
| Koha item type | Khmer Books |
| Suppress in OPAC | No |
| Withdrawn status | Lost status | Source of classification or shelving scheme | Damaged status | Not for loan | Collection | Home library | Current library | Shelving location | Date acquired | Total Checkouts | Full call number | Barcode | Date last seen | Copy number | Price effective from | Koha item type |
|---|---|---|---|---|---|---|---|---|---|---|---|---|---|---|---|---|
| Dewey Decimal Classification | Khmer-English Bilingual / ភាសាខ្មែរ-អង់គ្លេស | Footprints International School Library Network Toul Tom Poung Campus | Footprints International School Library Network Toul Tom Poung Campus | TTP Primary Khmer Bookshelves | 10/06/2025 | TON PZ7 | FIS04109 | 10/06/2025 | 1 | 10/06/2025 | Khmer Books | |||||
| Dewey Decimal Classification | Khmer-English Bilingual / ភាសាខ្មែរ-អង់គ្លេស | Footprints International School Library Network Toul Tom Poung Campus | Footprints International School Library Network Toul Tom Poung Campus | TTP Primary Khmer Bookshelves | 10/09/2025 | TON PZ7 | FIS02079 | 10/09/2025 | 2 | 10/09/2025 | Khmer Books | |||||
| Dewey Decimal Classification | Khmer-English Bilingual / ភាសាខ្មែរ-អង់គ្លេស | Footprints International School Library Network Toul Tom Poung Campus | Footprints International School Library Network Toul Tom Poung Campus | TTP Primary Khmer Bookshelves | 10/24/2025 | TON PZ7 | 2025-4745 | 10/24/2025 | 3 | 10/24/2025 | Khmer Books | |||||
| Dewey Decimal Classification | Khmer-English Bilingual / ភាសាខ្មែរ-អង់គ្លេស | Footprints International School Library Network Toul Tom Poung Campus | Footprints International School Library Network Toul Tom Poung Campus | TTP Primary Khmer Bookshelves | 11/11/2025 | TON PZ7 | FISBK03864 | 11/11/2025 | 4 | 11/11/2025 | Khmer Books |
